Vychystávanie náradia a meradiel pre výrobné linky pomocou RFID zariadení

Automatická identifikácia objektov a jej význam. Technológie automatickej identifikácie - čiarové kódy, OCR (strojom čitateľné písmo), technológia RFID alebo aj biometrické technológie. História, budúcnosť, princíp RFID technológie, RFID tagy a ich rozdelenie podľa viacerých hľadísk, návrh aplikácie...

Descrizione completa

Salvato in:
Dettagli Bibliografici
Autore principale: Kopták, Michal
Natura: Capitolo di libro
Lingua:slovacco
Soggetti:
Tags: Aggiungi Tag
Nessun Tag, puoi essere il primo ad aggiungerne!!

MARC

LEADER 00000nla a2200000 4500
001 0207674
005 20240502073443.1
041 0 |a slo 
044 |a SK 
245 1 0 |a Vychystávanie náradia a meradiel pre výrobné linky pomocou RFID zariadení  |c Michal Kopták 
520 |a Automatická identifikácia objektov a jej význam. Technológie automatickej identifikácie - čiarové kódy, OCR (strojom čitateľné písmo), technológia RFID alebo aj biometrické technológie. História, budúcnosť, princíp RFID technológie, RFID tagy a ich rozdelenie podľa viacerých hľadísk, návrh aplikácie RFID v podniku. 
610 2 0 |a kódy čiarové 
610 2 0 |a technológie nové 
610 2 0 |a identifikácia automatická 
610 2 0 |a identifikácia vysokofrekvenčná 
610 2 0 |a podnik strojársky 
610 2 0 |a logistika podniková 
100 1 |a Kopták, Michal